Disney Characters by Emojis - Statistics

General Stats
  • This quiz has been taken 118 times
  • The average score is 12 of 15
Answer Stats
Hint Answer % Correct
🀴πŸͺžπŸŽπŸ€ Snow White
91%
🐻🍯 Winnie the Pooh
90%
πŸ‘ΈπŸ₯ΏπŸŽƒπŸ•›πŸ° Cinderella
88%
🐘πŸŽͺπŸ‘‚ Dumbo
88%
πŸ‘§πŸ•³οΈπŸ‡β±οΈπŸ«–πŸƒπŸ‘‘πŸŒ€ Alice
87%
β„οΈπŸ‘‘ Elsa
87%
πŸ§’πŸͺπŸ§šβ€β™€οΈπŸ΄β€β˜ οΈπŸ—ΊοΈπŸŒ™ Peter Pan
83%
πŸ¦πŸ‘‘ Simba
82%
πŸ€₯πŸͺ΅πŸ§“πŸ§΅πŸŽ  Pinocchio
79%
🦌🌲 Bambi
78%
πŸ§šβ€β™€οΈβœ¨πŸŒΌ Tinker Bell
78%
πŸ§’πŸ…πŸ»πŸπŸŒ΄πŸŒΏπŸ’πŸ”₯ Mowgli
69%
πŸ‘½πŸοΈπŸŒΈπŸŒŠ Stitch
68%
🐭🏰 Mickey Mouse
46%
πŸ¦†βš“πŸ˜€ Donald Duck
38%
No matching quizzes found
Score Distribution
Percent of People with Each Score
Percentile by Number Answered
Your Score History
You have not taken this quiz